<?xml version="1.0" encoding="UTF-8"?>
<collection xmlns="http://www.loc.gov/MARC21/slim">
<record>
  <controlfield tag="001">134825</controlfield>
  <controlfield tag="005">20260316125348.0</controlfield>
  <datafield tag="024" ind1="8" ind2=" ">
    <subfield code="2">sideral</subfield>
    <subfield code="a">136149</subfield>
  </datafield>
  <datafield tag="037" ind1=" " ind2=" ">
    <subfield code="a">ART-2021-136149</subfield>
  </datafield>
  <datafield tag="041" ind1=" " ind2=" ">
    <subfield code="a">spa</subfield>
  </datafield>
  <datafield tag="100" ind1=" " ind2=" ">
    <subfield code="a">Bueso Guillén, Pedro José</subfield>
    <subfield code="u">Universidad de Zaragoza</subfield>
    <subfield code="0">(orcid)0000-0003-1152-1816</subfield>
  </datafield>
  <datafield tag="245" ind1=" " ind2=" ">
    <subfield code="a">La gestión jurídica de los derechos de propiedad industrial e intelectual en la compra pública de innovación: una visión general</subfield>
  </datafield>
  <datafield tag="260" ind1=" " ind2=" ">
    <subfield code="c">2021</subfield>
  </datafield>
  <datafield tag="506" ind1="0" ind2=" ">
    <subfield code="a">Access copy available to the general public</subfield>
    <subfield code="f">Unrestricted</subfield>
  </datafield>
  <datafield tag="520" ind1="3" ind2=" ">
    <subfield code="a">El presente trabajo tiene como objeto el ofrecer una visión general de la gestión jurídica de los derechos de propiedad industrial e intelectual en la compra pública de innovación. Esta contratación pública presenta especialidades relevantes en materia de propiedad industrial e
intelectual, que requieren de previsiones específicamente destinadas a articular su gestión durante todo el proceso de preparación, adjudicación y ejecución. En el presente trabajo se realizará una aproximación a dichas especialidades, así como a las cuestiones que se le plantean al poder

This paper aims to offer an overview to the legal management of intellectual property rights in public procurement of innovation. This public procurement presents relevant specialties in regarding intellectual property, which require provisions specifically designed to articulate its
management throughout the preparation, award and execution process. In this paper, an approach will be made to these specialties, as well as to the issues that the contracting authority faces in relation to decision-making on such specialties.</subfield>
  </datafield>
  <datafield tag="536" ind1=" " ind2=" ">
    <subfield code="9">info:eu-repo/grantAgreement/ES/DGA/S12-17R</subfield>
  </datafield>
  <datafield tag="540" ind1=" " ind2=" ">
    <subfield code="9">info:eu-repo/semantics/openAccess</subfield>
    <subfield code="a">by-nd</subfield>
    <subfield code="u">https://creativecommons.org/licenses/by-nd/4.0/deed.es</subfield>
  </datafield>
  <datafield tag="655" ind1=" " ind2="4">
    <subfield code="a">info:eu-repo/semantics/article</subfield>
    <subfield code="v">info:eu-repo/semantics/publishedVersion</subfield>
  </datafield>
  <datafield tag="710" ind1="2" ind2=" ">
    <subfield code="1">4003</subfield>
    <subfield code="2">165</subfield>
    <subfield code="a">Universidad de Zaragoza</subfield>
    <subfield code="b">Dpto. Derecho de la Empresa</subfield>
    <subfield code="c">Área Derecho Mercantil</subfield>
  </datafield>
  <datafield tag="773" ind1=" " ind2=" ">
    <subfield code="g">41 (2021), 51-78</subfield>
    <subfield code="p">Actas derecho ind. derecho autor</subfield>
    <subfield code="t">Actas de derecho industrial y derecho de autor</subfield>
    <subfield code="x">1139-3289</subfield>
  </datafield>
  <datafield tag="856" ind1="4" ind2=" ">
    <subfield code="s">1154300</subfield>
    <subfield code="u">http://zaguan.unizar.es/record/134825/files/texto_completo.pdf</subfield>
    <subfield code="y">Versión publicada</subfield>
  </datafield>
  <datafield tag="856" ind1="4" ind2=" ">
    <subfield code="s">1525075</subfield>
    <subfield code="u">http://zaguan.unizar.es/record/134825/files/texto_completo.jpg?subformat=icon</subfield>
    <subfield code="x">icon</subfield>
    <subfield code="y">Versión publicada</subfield>
  </datafield>
  <datafield tag="909" ind1="C" ind2="O">
    <subfield code="o">oai:zaguan.unizar.es:134825</subfield>
    <subfield code="p">articulos</subfield>
    <subfield code="p">driver</subfield>
  </datafield>
  <datafield tag="951" ind1=" " ind2=" ">
    <subfield code="a">2026-03-16-08:29:39</subfield>
  </datafield>
  <datafield tag="980" ind1=" " ind2=" ">
    <subfield code="a">ARTICLE</subfield>
  </datafield>
</record>
</collection>